| 000 | 00369cam a22001097a 4500 | ||
|---|---|---|---|
| 008 | 180718b1962 xxu||||| |||| 00| 0 eng d | ||
| 082 | _aY15 F739 | ||
| 245 |
_aFood and agricultural legislation _cby Food and Aricultural Organization, Italy |
||
| 260 |
_aRome _bFood and Aricultural Organization, _c1962 |
||
| 300 | _av.p. | ||
| 700 | _aItaly.Food and Aricultural Organization | ||
| 999 |
_c499136 _d499136 |
||